000 00462nam a2200181Ia 4500
001 2147
005 20260306143820.0
008 260306t2010||||xx |||||||||||||| ||spa||
041 _aESP
082 _a615.78
_bS17
100 _aSalazar Vallejo, M. [dir.]
_eAUT
245 0 _aTratado de psicofarmacología:
_bbases y aplicación clínica
260 _c2010
300 _a948 páginas :
_c28 cm.
650 _aGEN
654 _aCPS
942 _cLIB
_dJUS
_fJUS
_2ddc
_n
999 _c2147
_d2147